Lengua y prácticas del lenguaje b /

Guardado en:
Autor Principal: García, Guillermo
Otros Autores: Kaufman, Guillermo, Sánchez, Karina
Formato: Libro
Publicado: Buenos Aires : Aique, 2008
Series:Secundaria
Materias:
Etiquetas: Agregar Etiqueta
Sin Etiquetas, Sea el primero en etiquetar este registro!
LEADER 01049nam a22002535a 4500
001 CEM.cems012875
005 20080519140059.0
008 130507s2008##################000#0#####d
003 CEMS
020 |a 9789870601180 
082 0 4 |a 468 
100 1 |a García, Guillermo 
245 1 0 |a Lengua y prácticas del lenguaje b /  |c Guillermo García, Guillermo Kaufman, Karina Sánchez 
260 |a Buenos Aires :  |b Aique,  |c 2008 
300 |a 224 p. 
490 0 |a Secundaria 
500 |a Para Educación Secundaria Básica 
505 0 |a El mito clásico -- El artículo de enciclopedia -- La leyenda -- La poesía y los caligramas -- La biografía -- La noticia periodística -- El cuento de ciencia ficción -- El teatro -- La publicidad y la propaganda -- Paradigma de la conjugación verbal -- Prácticas del lenguaje -- Antología 
653 |a Lengua 
653 |a Lengua-educación secundaria básica 
653 |a Lengua-egb 
700 1 |a Kaufman, Guillermo 
700 1 |a Sánchez, Karina 
859 |a CEMS  |b BIB. CEMS - 11 de abril  |h 468  |i G165  |p 25146.08  |t Ej.1